000 00350nam a2200145Ia 4500
005 20251222153623.0
008 251222s9999||||xx |||||||||||||| ||spa||
020 _a9788427718234
082 _a371.102/L33
100 _aLeaman, Louisa
245 0 _aLos Profesores "Perfectos" Existen:
250 _a1ra.ed.
264 _bNARCEA S.A
942 _cLIB
999 _c32063
_d32063